Theory of magnetism in transition metals (Record no. 3135)

MARC details
000 -LEADER
fixed length control field 00913nam a2200217Ia 4500
003 - CONTROL NUMBER IDENTIFIER
control field IN-BaIIA
008 - FIXED-LENGTH DATA ELEMENTS--GENERAL INFORMATION
fixed length control field 211028s9999 xx 000 0 eng d
040 ## - CATALOGING SOURCE
Transcribing agency IIA Library
080 ## - UNIVERSAL DECIMAL CLASSIFICATION NUMBER
Universal Decimal Classification number 063:53
Item number ENF-37
111 ## - MAIN ENTRY--MEETING NAME
Meeting name or jurisdiction name as entry element Conference of International School of Physics "Enrico Fermi"
Location of meeting Italy
Date of meeting or treaty signing 1966 June 6 -25
9 (RLIN) 5563
245 #0 - TITLE STATEMENT
Title Theory of magnetism in transition metals
Remainder of title proceedings of the International School of Physics "Enrico Fermi" course held in Varenna Sul Lago di Como, Villa Monastero 6th-25th June 1966
Statement of responsibility, etc. edited by Marshall W.
260 ## - PUBLICATION, DISTRIBUTION, ETC.
Place of publication, distribution, etc. New York
Name of publisher, distributor, etc. Academic Press
Date of publication, distribution, etc. 1967
300 ## - PHYSICAL DESCRIPTION
Extent xii, 454p.
490 ## - SERIES STATEMENT
Series statement International School of Physics "Enrico Fermi" Course v. 37
650 ## - SUBJECT ADDED ENTRY--TOPICAL TERM
Topical term or geographic name entry element Magnetism
9 (RLIN) 56
650 ## - SUBJECT ADDED ENTRY--TOPICAL TERM
Topical term or geographic name entry element NASA Thesaurus
650 ## - SUBJECT ADDED ENTRY--TOPICAL TERM
Topical term or geographic name entry element Transition Metals
9 (RLIN) 5564
700 ## - ADDED ENTRY--PERSONAL NAME
Personal name Marshall, W., ed.
9 (RLIN) 5565
710 ## - ADDED ENTRY--CORPORATE NAME
Corporate name or jurisdiction name as entry element Italian Physical Society
942 ## - ADDED ENTRY ELEMENTS (KOHA)
Koha item type Books
Holdings
Withdrawn status Lost status Damaged status Not for loan Home library Current library Shelving location Date acquired Cost, normal purchase price Total Checkouts Full call number Barcode Date last seen Cost, replacement price Price effective from Koha item type Purchase Price
        IIA Library-Bangalore IIA Library-Bangalore General Stacks 28/11/1968 133.20   063:53/ ENF-37 3486 05/11/2021 133.20 28/11/1968 Books Rs. 133.20

Powered by Koha